| 000 | 00833nam a22002177a 4500 | ||
|---|---|---|---|
| 008 | 081201t xxu||||| |||| 00| 0 eng d | ||
| 010 | _aENG-91936 | ||
| 020 | _c275.00 | ||
| 035 | _aEN-75469 | ||
| 037 | _bDBAD / PUB | ||
| 040 |
_adpl _bEnglish |
||
| 082 | _a657.48 | ||
| 100 | _aSontakke, Kaustubh Arvind | ||
| 245 |
_aFinancial accounting / _cby Kaustubh Arvind Sontakke |
||
| 260 |
_aNew Delhi _bHimalaya Publishing House _c2008 |
||
| 270 |
_aPooja Apartments, 4-B, Murari Lal Street, Ansari Road, Daryaganj, _bNew Delhi _e110002 |
||
| 300 |
_a337p. _c24cm (pbk) |
||
| 650 | _aAccounting. | ||
| 942 |
_2ddc _cEN _mSON _h657.48 |
||
| 999 |
_c19349 _d19349 |
||